[Event "Eschborn op"]
[Site "Eschborn"]
[Date "2019.08.17"]
[Round "3.24"]
[White "Gutacker, Stephan"]
[Black "Becker, Guenter"]
[Result "1-0"]
[WhiteElo "1809"]
[BlackElo "1520"]
[PlyCount "79"]
[EventDate "2019.08.16"]
[EventType "swiss"]
[EventRounds "5"]
[EventCountry "GER"]
[SourceTitle "EXT 2024"]
[Source "ChessBase"]
[SourceDate "2023.10.10"]
[SourceVersion "1"]
[SourceVersionDate "2023.10.10"]
[SourceQuality "1"]

1. e4 c6 2. d4 g6 3. c4 d5 4. cxd5 cxd5 5. e5 Bg7 6. Nf3 Bg4 7. Be2 e6 8. Nc3 Nc6 9. 0-0 Nge7 10. h3 Bxf3 11. Bxf3 Nf5 12. Be3 0-0 13. Qd2 f6 14. exf6 Bxf6 15. Ne2 Qb6 16. Rfd1 Rac8 17. Bg4 Be7 18. Bxf5 gxf5 19. Rac1 Na5 20. b3 Nc6 21. Bh6 Rfe8 22. Qe3 Bf6 23. Bg5 Bg7 24. Qd2 Qc7 25. Rc3 Qf7 26. Rg3 Kh8 27. h4 Rg8 28. Qe3 Rce8 29. a3 e5 30. dxe5 Bxe5 31. Nf4 Bd6 32. Qd2 d4 33. Rh3 Qg7 34. Nh5 Qf7 35. Bf6+ Rg7 36. Bxg7+ Kg8 37. Qg5 Re6 38. Nf6+ Rxf6 39. Bxf6+ Kf8 40. Re1 1-0

[Event "Eschborn op"]
[Site "Eschborn"]
[Date "2016.09.03"]
[Round "2"]
[White "Ellerbrock, Manfred"]
[Black "Becker, Guenter"]
[Result "1-0"]
[WhiteElo "1769"]
[BlackElo "1590"]
[PlyCount "83"]
[EventDate "2016.09.02"]
[EventType "swiss"]
[EventRounds "5"]
[EventCountry "GER"]
[SourceTitle "EXT 2018"]
[Source "ChessBase"]
[SourceDate "2017.10.13"]
[SourceVersion "1"]
[SourceVersionDate "2017.10.13"]
[SourceQuality "1"]

1. d4 c6 2. c4 g6 3. Nc3 d5 4. e3 Bg7 5. Nf3 Nf6 6. Bd3 Bf5 7. Bxf5 gxf5 8. Qb3 Qb6 9. Qxb6 axb6 10. cxd5 cxd5 11. 0-0 Nc6 12. Bd2 e6 13. Nb5 Kd7 14. Rfc1 Rhc8 15. Kf1 Ne4 16. Ke2 Na5 17. Bxa5 Rxa5 18. Rxc8 Kxc8 19. a4 Kd7 20. b3 Nd6 21. Nxd6 Kxd6 22. Rc1 h6 23. Rc8 b5 24. Rc5 b6 25. Rxb5 Rxb5 26. axb5 e5 27. Nxe5 Bxe5 28. dxe5+ Kxe5 29. Kd3 h5 30. g3 Kd6 31. Kd4 Ke6 32. f3 Kd6 33. h3 Ke6 34. b4 Kd6 35. e4 dxe4 36. fxe4 fxe4 37. Kxe4 Ke6 38. Kf4 Kf6 39. g4 hxg4 40. Kxg4 Kg6 41. h4 f6 42. h5+ 1-0

[Event "Hessen-ch Seniors op 12th"]
[Site "Bad Sooden-Allendorf"]
[Date "2016.05.08"]
[Round "9"]
[White "Becker, Guenter"]
[Black "Juergens, Peter1"]
[Result "1/2-1/2"]
[WhiteElo "1836"]
[BlackElo "1970"]
[PlyCount "68"]
[EventDate "2016.04.30"]
[EventType "swiss"]
[EventRounds "9"]
[EventCountry "GER"]
[SourceTitle "EXT 2019"]
[Source "ChessBase"]
[SourceDate "2018.10.10"]
[SourceVersion "1"]
[SourceVersionDate "2018.10.10"]
[SourceQuality "1"]

1. c4 Nf6 2. g3 e6 3. Nf3 d5 4. e3 Be7 5. Bg2 0-0 6. 0-0 dxc4 7. Ne5 c5 8. Qe2 Qc7 9. Nxc4 Nc6 10. Nc3 a6 11. a4 b6 12. b3 Bb7 13. Bb2 Rab8 14. Rfd1 Rfd8 15. Rac1 Nb4 16. d4 Bxg2 17. Kxg2 cxd4 18. exd4 Qb7+ 19. Kg1 Rbc8 20. Ne5 Rc7 21. f3 Rdc8 22. Nc4 Nbd5 23. Ne4 Ne8 24. Kf2 b5 25. axb5 axb5 26. Ne5 b4 27. Rc4 Nd6 28. Nxd6 Bxd6 29. Rdc1 Bxe5 30. dxe5 Qa7+ 31. Bd4 Qb7 32. Qd2 h6 33. Bc5 Qb5 34. Qc2 Qa6 1/2-1/2

[Event "GER-chB Seniors 27th"]
[Site "Magdeburg"]
[Date "2015.08.18"]
[Round "4"]
[White "Kleinschmidt, Irmtraud"]
[Black "Becker, Guenter"]
[Result "0-1"]
[WhiteElo "1445"]
[BlackElo "1837"]
[PlyCount "122"]
[EventDate "2015.08.15"]
[EventType "swiss"]
[EventRounds "9"]
[EventCountry "GER"]
[SourceTitle "EXT 2018"]
[Source "ChessBase"]
[SourceDate "2017.10.13"]
[SourceVersion "1"]
[SourceVersionDate "2017.10.13"]
[SourceQuality "1"]

1. e4 c6 2. d4 d5 3. Nc3 g6 4. Nf3 Bg7 5. exd5 cxd5 6. Be2 Nf6 7. Be3 0-0 8. 0-0 Nc6 9. Rb1 Bg4 10. a3 Rc8 11. Ne1 Bxe2 12. Nxe2 e6 13. Nf3 Ne4 14. c3 Na5 15. Nd2 Nxd2 16. Bxd2 Nc4 17. Re1 Re8 18. Bf4 f6 19. Ng3 e5 20. dxe5 fxe5 21. Bc1 e4 22. Nf1 Ne5 23. Be3 Nd3 24. Re2 a6 25. Nd2 Rc6 26. Nb3 Qc7 27. Nc1 d4 28. Nxd3 exd3 29. Qxd3 dxe3 30. Rxe3 Rxe3 31. Qxe3 Qe5 32. Qxe5 Bxe5 33. Re1 Bf6 34. g4 Kf7 35. Re2 h5 36. f3 Bg5 37. Re1 Rd6 38. Re5 Kf6 39. Re4 Rd1+ 40. Kg2 Rd2+ 41. Kf1 hxg4 42. fxg4 Rxb2 43. h3 Rb3 44. Rc4 Bd2 45. Rb4 Rxa3 46. Rxb7 Bxc3 47. Kg2 a5 48. Rb6+ Kg5 49. Rb5+ Kf4 50. Rb8 Ra2+ 51. Kf1 Kg3 52. Rb3 Rf2+ 53. Kg1 Rc2 54. Kf1 Kxh3 55. Rb6 g5 56. Rc6 Kxg4 57. Rc4+ Kf3 58. Kg1 g4 59. Rc8 Bd4+ 60. Kh1 Rxc8 61. Kh2 Rh8# 0-1

[Event "Hessen-ch Seniors op 11th"]
[Site "Bad Sooden-Allendorf"]
[Date "2015.05.12"]
[Round "4"]
[White "Koehler, Marianne"]
[Black "Becker, Guenter"]
[Result "0-1"]
[WhiteElo "1679"]
[BlackElo "1820"]
[PlyCount "108"]
[EventDate "2015.05.09"]
[EventType "swiss"]
[EventRounds "9"]
[EventCountry "GER"]
[SourceTitle "EXT 2018"]
[Source "ChessBase"]
[SourceDate "2017.10.13"]
[SourceVersion "1"]
[SourceVersionDate "2017.10.13"]
[SourceQuality "1"]

1. e4 c6 2. Nf3 d5 3. exd5 cxd5 4. Be2 g6 5. c3 Bg7 6. d4 Nc6 7. h3 Qd6 8. Nbd2 Nh6 9. Nb3 0-0 10. Bd2 f6 11. Qc1 Nf7 12. 0-0 e5 13. Be3 Bd7 14. dxe5 fxe5 15. Bc5 Qf6 16. Bxf8 Rxf8 17. Qd1 Rd8 18. Qe1 d4 19. Bc4 Bxh3 20. Bxf7+ Kxf7 21. cxd4 exd4 22. Nc5 Bg4 23. Ne4 Qf5 24. Nfg5+ Kg8 25. f3 Bh5 26. g4 Bxg4 27. fxg4 Qxg4+ 28. Qg3 Qxg3+ 29. Nxg3 d3 30. Ne6 Bd4+ 31. Nxd4 Rxd4 32. a3 h5 33. Rf2 h4 34. Nf1 g5 35. Re1 Kg7 36. Nd2 Kg6 37. Re4 Rd5 38. Re6+ Kh5 39. Rxc6 bxc6 40. Rf6 Rc5 41. Kf2 Re5 42. Kf1 g4 43. Rf4 h3 44. Kg1 h2+ 45. Kh1 Re2 46. Nc4 d2 47. Nxd2 Rxd2 48. Rf7 Kh4 49. Re7 Kg3 50. Re1 Rxb2 51. Rc1 Kh3 52. a4 c5 53. a5 c4 54. Rc3+ g3 0-1

[Event "Hessen-ch Seniors op 11th"]
[Site "Bad Sooden-Allendorf"]
[Date "2015.05.09"]
[Round "1"]
[White "Becker, Guenter"]
[Black "Limberg, Siegfried"]
[Result "1/2-1/2"]
[WhiteElo "1820"]
[BlackElo "2037"]
[PlyCount "33"]
[EventDate "2015.05.09"]
[EventType "swiss"]
[EventRounds "9"]
[EventCountry "GER"]
[SourceTitle "EXT 2018"]
[Source "ChessBase"]
[SourceDate "2017.10.13"]
[SourceVersion "1"]
[SourceVersionDate "2017.10.13"]
[SourceQuality "1"]

1. c4 e5 2. g3 Nf6 3. Bg2 Nc6 4. Nc3 Be7 5. e3 0-0 6. Nge2 d6 7. 0-0 Be6 8. d3 Qd7 9. Nd5 Ng4 10. Nxe7+ Qxe7 11. Nc3 f5 12. Nd5 Bxd5 13. Bxd5+ Kh8 14. d4 exd4 15. exd4 Qd7 16. Bf4 Rae8 17. Qd2 1/2-1/2

[Event "Eschborn op 10th"]
[Site "Eschborn"]
[Date "2013.09.01"]
[Round "4"]
[White "Becker, Guenter"]
[Black "Everett, Elijah David"]
[Result "0-1"]
[WhiteElo "1568"]
[BlackElo "1548"]
[PlyCount "58"]
[EventDate "2013.08.30"]
[EventType "swiss"]
[EventRounds "5"]
[EventCountry "GER"]
[SourceTitle "EXT 2014"]
[Source "ChessBase"]
[SourceDate "2013.11.20"]
[SourceVersion "1"]
[SourceVersionDate "2013.11.20"]
[SourceQuality "1"]

1. c4 Nf6 2. g3 g6 3. Bg2 Bg7 4. Nc3 0-0 5. d4 d6 6. e4 Nc6 7. Nge2 e5 8. h3 Nxd4 9. Nxd4 exd4 10. Nd5 Nxd5 11. cxd5 c5 12. 0-0 f5 13. f3 Be5 14. g4 fxe4 15. f4 Bg7 16. Bxe4 Qh4 17. Bg2 Bd7 18. Bd2 Rae8 19. Rb1 Bb5 20. Be1 Qe7 21. Rf2 Be2 22. Qd2 d3 23. b3 Bd4 24. Bf1 Be3 25. Qb2 Rxf4 26. Bxe2 dxe2 27. Kg2 Rxf2+ 28. Bxf2 Bxf2 29. Kxf2 e1Q+ 0-1

[Event "Hessen-ch Seniors op 09th"]
[Site "Bad Sooden-Allendorf"]
[Date "2013.04.28"]
[Round "9"]
[White "Knaak, Hans"]
[Black "Becker, Guenter"]
[Result "1-0"]
[WhiteElo "1699"]
[BlackElo "1833"]
[PlyCount "63"]
[EventDate "2013.04.20"]
[EventType "swiss"]
[EventRounds "9"]
[EventCountry "GER"]
[SourceTitle "EXT 2019"]
[Source "ChessBase"]
[SourceDate "2018.10.10"]
[SourceVersion "1"]
[SourceVersionDate "2018.10.10"]
[SourceQuality "1"]

1. d4 c6 2. c4 d5 3. Nf3 g6 4. Nc3 Bg7 5. e3 Nh6 6. Be2 Bg4 7. cxd5 cxd5 8. 0-0 e6 9. Bd2 0-0 10. h3 Bxf3 11. Bxf3 Nf5 12. Rc1 Nc6 13. a3 Nd6 14. b3 Rc8 15. Na4 b6 16. Be2 Qe7 17. b4 b5 18. Nc5 e5 19. dxe5 Nxe5 20. Bc3 Ne4 21. Bxe5 Nxc5 22. Bxg7 Kxg7 23. Qd4+ Kg8 24. Rxc5 Rxc5 25. Qxc5 Qxc5 26. bxc5 a6 27. Bf3 Rc8 28. Rc1 a5 29. Bxd5 Kf8 30. g4 g5 31. c6 Ke7 32. Rb1 1-0

[Event "Hessen-ch Seniors op 09th"]
[Site "Bad Sooden-Allendorf"]
[Date "2013.04.20"]
[Round "1"]
[White "Rahls, Peter"]
[Black "Becker, Guenter"]
[Result "1-0"]
[WhiteElo "2248"]
[BlackElo "1833"]
[PlyCount "35"]
[EventDate "2013.04.20"]
[EventType "swiss"]
[EventRounds "9"]
[EventCountry "GER"]
[SourceTitle "EXT 2019"]
[Source "ChessBase"]
[SourceDate "2018.10.10"]
[SourceVersion "1"]
[SourceVersionDate "2018.10.10"]
[SourceQuality "1"]

1. e4 c6 2. c4 d5 3. cxd5 cxd5 4. exd5 Nf6 5. Bb5+ Bd7 6. Bc4 g6 7. Nf3 b5 8. Bb3 Bg7 9. d4 0-0 10. 0-0 Na6 11. Ne5 Nc7 12. Qf3 Bc8 13. Nc6 Qd7 14. Nc3 Bb7 15. Bf4 Ncxd5 16. Nxd5 Nxd5 17. Bxd5 e6 18. Ne7+ 1-0

[Event "GER-ch Seniors"]
[Site "Dresden"]
[Date "2012.08.17"]
[Round "9"]
[White "Becker, Guenter"]
[Black "Fritsch, Juergen"]
[Result "0-1"]
[WhiteElo "1845"]
[BlackElo "1953"]
[PlyCount "80"]
[EventDate "2012.08.09"]
[EventType "swiss"]
[EventRounds "9"]
[EventCountry "GER"]
[SourceTitle "EXT 2014"]
[Source "ChessBase"]
[SourceDate "2013.11.20"]
[SourceVersion "1"]
[SourceVersionDate "2013.11.20"]
[SourceQuality "1"]

1. c4 e5 2. g3 Bc5 3. Bg2 d6 4. e3 Nf6 5. Ne2 0-0 6. 0-0 c6 7. Nbc3 Qe7 8. d4 Bb6 9. b4 Rd8 10. Bb2 Bf5 11. h3 h5 12. Na4 Na6 13. Qb3 Ne4 14. Rad1 Bc7 15. Nac3 Ng5 16. h4 Ne6 17. b5 Nb8 18. bxc6 Nxc6 19. Qa4 Qe8 20. d5 Nc5 21. Qa3 Ne7 22. Nb5 Bb6 23. f4 f6 24. fxe5 fxe5 25. Kh2 Qg6 26. Nbc3 Qg4 27. e4 Nxe4 28. Nxe4 Bxe4 29. Nc1 Bxg2 30. Kxg2 Rac8 31. Bxe5 Bc5 32. Qc3 Qe4+ 33. Qf3 Qxf3+ 34. Rxf3 dxe5 35. Nb3 b6 36. Nxc5 Rxc5 37. Rdf1 Rxc4 38. Rf7 Nxd5 39. Kg1 Rc7 40. R7f5 Ne3 0-1

[Event "GER-ch Seniors"]
[Site "Dresden"]
[Date "2012.08.12"]
[Round "4"]
[White "Becker, Guenter"]
[Black "Weyand, Fernand"]
[Result "1-0"]
[WhiteElo "1845"]
[BlackElo "1786"]
[PlyCount "123"]
[EventDate "2012.08.09"]
[EventType "swiss"]
[EventRounds "9"]
[EventCountry "GER"]
[SourceTitle "EXT 2014"]
[Source "ChessBase"]
[SourceDate "2013.11.20"]
[SourceVersion "1"]
[SourceVersionDate "2013.11.20"]
[SourceQuality "1"]

1. c4 Nf6 2. g3 g6 3. Bg2 Bg7 4. Nc3 0-0 5. d4 d6 6. e4 c6 7. Nge2 e5 8. 0-0 Na6 9. h3 Nc7 10. Be3 Bd7 11. Qd2 Qc8 12. Kh2 b5 13. cxb5 cxb5 14. a3 Ne6 15. Rac1 Qb7 16. f4 exf4 17. gxf4 b4 18. axb4 Qxb4 19. e5 Nh5 20. Bxa8 Rxa8 21. Ne4 Qxd2 22. Bxd2 dxe5 23. fxe5 Nxd4 24. Nxd4 Bxe5+ 25. Kg2 Bxd4 26. Ng5 f5 27. Rc7 Nf6 28. Bc3 Bxc3 29. bxc3 a5 30. Rb1 h6 31. Nf3 a4 32. Ne5 Be8 33. Rbb7 Rd8 34. Kf3 Nd5 35. Rg7+ Kf8 36. c4 Nf6 37. Nxg6+ Bxg6 38. Rxg6 Ne4 39. Rxh6 Kg8 40. Ra6 Nc5 41. Rg6+ Kh8 42. Ra7 Nd3 43. Rga6 Ne5+ 44. Kf4 Nxc4 45. Ra8 Rxa8 46. Rxa8+ Kg7 47. Rxa4 Nd6 48. Ke5 Nf7+ 49. Kxf5 Nh6+ 50. Kg5 Nf7+ 51. Kh5 Kh7 52. Ra6 Kg7 53. h4 Kh7 54. Kg4 Kg7 55. h5 Nh6+ 56. Kg5 Nf7+ 57. Kf5 Nh6+ 58. Ke6 Ng8 59. Ra7+ Kh8 60. Kf5 Nh6+ 61. Kg6 Ng8 62. Rh7# 1-0

[Event "Niedersachsen-ch Seniors op 13th"]
[Site "Bad Bevensen"]
[Date "2010.07.10"]
[Round "5"]
[White "Becker, Guenter"]
[Black "Zoll, Theobald"]
[Result "1-0"]
[WhiteElo "1682"]
[BlackElo "1503"]
[PlyCount "73"]
[EventDate "2010.07.06"]
[EventType "swiss"]
[EventRounds "9"]
[EventCountry "GER"]
[SourceTitle "EXT 2012"]
[Source "ChessBase"]
[SourceDate "2011.11.24"]
[SourceVersion "1"]
[SourceVersionDate "2011.11.24"]
[SourceQuality "1"]

1. c4 c6 2. g3 d5 3. Bg2 Nf6 4. d4 Bf5 5. Nf3 e6 6. 0-0 h6 7. cxd5 cxd5 8. Nc3 Nc6 9. Qb3 Rb8 10. Bf4 Bd6 11. Bxd6 Qxd6 12. Nb5 Qd8 13. Qa3 a6 14. Nd6+ Kd7 15. Nxf7 Qf8 16. Nxh8 Qxa3 17. bxa3 Rxh8 18. Ne5+ Nxe5 19. dxe5 Ng4 20. f4 Ne3 21. Rfc1 b5 22. Rc3 Nc4 23. Rd1 Bg4 24. Kf2 g5 25. h3 Bh5 26. g4 Rf8 27. gxh5 Rxf4+ 28. Rf3 Nxe5 29. Rxf4 gxf4 30. Rd4 Ke7 31. Rxf4 Nf7 32. Rb4 Ne5 33. Rf4 Nc4 34. Rf3 Ne5 35. Rb3 Nc6 36. Rg3 Ne5 37. Rg8 1-0